[Event "IRI-ch U18"]
[Site "Chess.com INT"]
[Date "2021.01.26"]
[Round "8"]
[White "Mohammadi, Amir Hossein"]
[Black "Veisi, Armin"]
[Result "0-1"]
[WhiteElo "1412"]
[BlackElo "1848"]
[PlyCount "60"]
[EventDate "2021.01.26"]
[EventType "swiss"]
[EventRounds "9"]
[EventCountry "IRI"]
[SourceTitle "CBM 200 Extra"]
[Source "ChessBase"]
[SourceDate "2021.03.31"]
[SourceVersion "1"]
[SourceVersionDate "2021.03.31"]
[SourceQuality "1"]

1. e4 c5 2. Nf3 e6 3. d4 cxd4 4. Nxd4 Nc6 5. Nc3 Qc7 6. a3 a6 7. Be3 Nf6 8. Be2 Be7 9. 0-0 0-0 10. f4 d6 11. Kh1 Nxd4 12. Bxd4 e5 13. Be3 exf4 14. Rxf4 Be6 15. Qe1 d5 16. Qf2 Nxe4 17. Nxe4 dxe4 18. c3 f5 19. Bb6 Qc6 20. Qd4 Bf6 21. Qg1 Bg5 22. Rff1 Rac8 23. Rad1 f4 24. Bd4 f3 25. Rf2 fxe2 26. Rxe2 Bg4 27. Rde1 Bxe2 28. Rxe2 Qb5 29. Re1 e3 30. h4 Bxh4 0-1

[Event "IRI-ch U18"]
[Site "Chess.com INT"]
[Date "2021.01.26"]
[Round "7"]
[White "Veisi, Armin"]
[Black "Abrishami, Amirarshia"]
[Result "1/2-1/2"]
[WhiteElo "1848"]
[BlackElo "1349"]
[PlyCount "82"]
[EventDate "2021.01.26"]
[EventType "swiss"]
[EventRounds "9"]
[EventCountry "IRI"]
[SourceTitle "CBM 200 Extra"]
[Source "ChessBase"]
[SourceDate "2021.03.31"]
[SourceVersion "1"]
[SourceVersionDate "2021.03.31"]
[SourceQuality "1"]

1. d4 d5 2. c4 c6 3. Nf3 Nf6 4. Nc3 dxc4 5. a4 e6 6. e3 Nbd7 7. Bxc4 Be7 8. 0-0 0-0 9. e4 b6 10. Qe2 Bb7 11. Rd1 Qc7 12. Bg5 Rfe8 13. Rac1 c5 14. Ba2 a6 15. e5 Nd5 16. Bxe7 Nxc3 17. Rxc3 Rxe7 18. Bb1 Rd8 19. Ng5 h6 20. Qc2 Nf8 21. Ne4 Bxe4 22. Qxe4 Red7 23. h3 Qb7 24. Qh4 cxd4 25. Rg3 d3 26. Rgxd3 Rxd3 27. Rxd3 Rxd3 28. Bxd3 Qd5 29. Qe4 Qc5 30. Bxa6 Qc1+ 31. Kh2 Qxb2 32. Bb5 Qxf2 33. Bd3 Qc5 34. Bb5 Qf2 35. Bd3 Qc5 36. Bb5 g6 37. Qf4 Nh7 38. Be8 Qf8 39. Bb5 Qc5 40. Be8 Qf8 41. Bb5 Qc5 1/2-1/2